000 00429nam a2200205Ia 4500
001 13148
003 GE_BSU
008 181216s||||||||xx |||||||||||||| ||und||
020 _a0586068961
040 _cGE_BSU
080 _a821.111-312.4
100 _aDeighton,Len.
245 _aSpy Hook.
260 _aLondon.
260 _bGrafton books.
260 _c1989
300 _a267p;18cm.
653 _aSpy Hook.
942 _cBK
999 _c46312
_d46312